000 00670nam a2200289Ia 4500
005 20260324120623.0
008 008 260324s9999 xx 000 0 eng d
020 _a9781315590158
037 _aEBOOK
040 _aCRL
040 _beng
040 _cCRL
041 _2eng
041 _aeng
084 _qCRL
100 _aAlexander Koensler
_91159302
245 0 _aIsraeli-Palestinian Activism
245 0 _bShifting Paradigms
260 _bTaylor and Francis
260 _c2015
365 _a
365 _b230
856 _uhttp://www.taylorfrancis.com/books/9781315590158
942 _cEBOOK
999 _c1750927
_d1750927